[Event "Brno Open 2015"]
[Site "Brno CZE"]
[Date "2015.11.17"]
[Round "5.4"]
[White "Manasyan, Haik"]
[Black "Strebkovs, Andrejs"]
[Result "1-0"]
[WhiteElo "2055"]
[BlackElo "2328"]
[PlyCount "103"]
[EventDate "2015.11.14"]
[EventType "swiss"]
[EventRounds "9"]
[EventCountry "CZE"]
[Source "lmi"]
[SourceDate "2015.11.14"]

1. d4 g6 2. c4 d6 3. Nc3 c6 4. e4 e5 5. dxe5 dxe5 6. Qxd8+ Kxd8 7. Nf3 f6 8.
Be3 Bh6 9. Bxh6 Nxh6 10. h3 Nf7 11. Be2 Be6 12. O-O-O+ Ke7 13. Rd2 Na6 14. Rhd1
Rad8 15. a3 Rxd2 16. Nxd2 Nc7 17. c5 Bc8 18. Bc4 Ng5 19. b4 Nce6 20. Nb3 Nf4
21. h4 Nf7 22. g3 Ne6 23. a4 Rd8 24. b5 g5 25. Na2 gxh4 26. gxh4 Rg8 27. bxc6
bxc6 28. Nb4 Bd7 29. Bxe6 Kxe6 30. Na5 Rg4 31. f3 Rxh4 32. Naxc6 a5 33. Nxa5
Bxa4 34. Rd3 Bb5 35. Rb3 Rh1+ 36. Kb2 Ba4 37. Ra3 Be8 38. Nb7 Bb5 39. Ra5 Rh2+
40. Kc3 Bf1 41. c6 Bh3 42. Ra8 Nd6 43. Nd8+ Ke7 44. Nd5+ Kf8 45. Ne6+ Kf7 46.
Rf8+ Kg6 47. Rxf6+ Kh5 48. Ng7+ Kg5 49. Rxd6 Rf2 50. Ne6+ Kh4 51. c7 Rxf3+ 52.
Kb4 1-0

[Event "Brno Open 2015"]
[Site "Brno CZE"]
[Date "2015.11.17"]
[Round "5.5"]
[White "Pokorny, Petr"]
[Black "Vermirovsky, Vlastimil"]
[Result "1-0"]
[WhiteElo "2167"]
[BlackElo "2013"]
[PlyCount "33"]
[EventDate "2015.11.14"]
[EventType "swiss"]
[EventRounds "9"]
[EventCountry "CZE"]
[Source "lmi"]
[SourceDate "2015.11.14"]

1. d4 d5 2. c4 c6 3. Nc3 Nf6 4. e3 a6 5. Qc2 b5 6. b3 Nbd7 7. Nf3 e6 8. Bd3 Bb4
9. O-O h6 10. Bd2 O-O 11. Nxd5 Nxd5 12. cxd5 Bxd2 13. dxe6 Ba5 14. exd7 Bxd7
15. Ne5 Rc8 16. Nxd7 Qxd7 17. Bf5 1-0

[Event "Brno Open 2015"]
[Site "Brno CZE"]
[Date "2015.11.17"]
[Round "5.6"]
[White "Kalisch, Michael"]
[Black "Tsenov, Tsvetoslav"]
[Result "1-0"]
[WhiteElo "1809"]
[BlackElo "2166"]
[PlyCount "79"]
[EventDate "2015.11.14"]
[EventType "swiss"]
[EventRounds "9"]
[EventCountry "CZE"]
[Source "lmi"]
[SourceDate "2015.11.14"]

1. e4 c5 2. Nc3 Nc6 3. f4 g6 4. Nf3 Bg7 5. Bb5 Nd4 6. O-O Nxb5 7. Nxb5 d5 8. e5
d4 9. d3 Nh6 10. Qe1 O-O 11. Na3 Be6 12. b3 Bd5 13. Nc4 b5 14. Ncd2 Qb6 15. Ne4
f6 16. a4 a6 17. axb5 axb5 18. Rxa8 Rxa8 19. exf6 exf6 20. b4 cxb4 21. Qxb4 f5
22. Neg5 Ng4 23. Bb2 h6 24. Nh3 Ne3 25. Rf2 Bxf3 26. Rxf3 Kh7 27. Qb3 Rc8 28.
Ng5+ Kh8 29. Nf7+ Kh7 30. Ng5+ Kh8 31. Rxe3 Qc7 32. Nf7+ Kh7 33. Re2 Qxf4 34.
Qe6 Ra8 35. Ne5 Qg5 36. Nf3 Qg4 37. Qd5 Ra4 38. Re8 h5 39. Qg8+ Kh6 40. Re7 1-0

[Event "Brno Open 2015"]
[Site "Brno CZE"]
[Date "2015.11.17"]
[Round "5.7"]
[White "Klucznik, Andre"]
[Black "Friedel, Roland"]
[Result "1-0"]
[WhiteElo "1864"]
[BlackElo "1696"]
[PlyCount "55"]
[EventDate "2015.11.14"]
[EventType "swiss"]
[EventRounds "9"]
[EventCountry "CZE"]
[Source "lmi"]
[SourceDate "2015.11.14"]

1. Nf3 d5 2. e3 Nf6 3. b3 Bg4 4. h3 Bh5 5. Be2 e6 6. Bb2 Nbd7 7. d4 Ne4 8. O-O
Bd6 9. Nbd2 Ndf6 10. c4 c6 11. Rc1 O-O 12. Ne5 Bxe2 13. Qxe2 Nxd2 14. Qxd2 Nd7
15. f4 Nxe5 16. dxe5 Be7 17. f5 exf5 18. Rxf5 dxc4 19. Qf2 Qd7 20. Rxc4 c5 21.
Rg4 Qe6 22. Rf6 Bxf6 23. exf6 g6 24. Qf4 Rfd8 25. Be5 Rd1+ 26. Kh2 Rad8 27. Qh6
Qxe5+ 28. Rf4 1-0

[Event "Brno Open 2015"]
[Site "Brno CZE"]
[Date "2015.11.17"]
[Round "5.8"]
[White "Doskar, Miloslav"]
[Black "Atmani, Amine"]
[Result "0-1"]
[WhiteElo "1725"]
[BlackElo "1575"]
[PlyCount "68"]
[EventDate "2015.11.14"]
[EventType "swiss"]
[EventRounds "9"]
[EventCountry "CZE"]
[Source "lmi"]
[SourceDate "2015.11.14"]

1. Nf3 c5 2. c4 e6 3. g3 Nf6 4. Bg2 d5 5. d4 Bd6 6. O-O O-O 7. cxd5 exd5 8.
dxc5 Bxc5 9. Nbd2 Nc6 10. Nb3 Bb6 11. e3 Bg4 12. h3 Bf5 13. Nbd4 Be4 14. Nxc6
bxc6 15. b3 c5 16. Bb2 Qe7 17. Qe2 Rfe8 18. Rfd1 h6 19. Rac1 Qd6 20. Bc3 d4 21.
exd4 cxd4 22. Qd2 d3 23. Kh2 Rad8 24. Ba5 Qd5 25. Bxb6 axb6 26. Ne1 Bxg2 27.
Nxg2 Re2 28. Qxe2 dxe2 29. Rxd5 Rxd5 30. Re1 Rd2 31. a4 Ne4 32. Kg1 Nc5 33. Nf4
Rd1 34. Ng2 Nd3 0-1

[Event "Brno Open 2015"]
[Site "Brno CZE"]
[Date "2015.11.17"]
[Round "5.9"]
[White "Svoboda, Zdenek"]
[Black "Kopecek, Ivan"]
[Result "0-1"]
[WhiteElo "1691"]
[BlackElo "1949"]
[PlyCount "74"]
[EventDate "2015.11.14"]
[EventType "swiss"]
[EventRounds "9"]
[EventCountry "CZE"]
[Source "lmi"]
[SourceDate "2015.11.14"]

1. e4 e5 2. Nf3 Nc6 3. Bc4 Nf6 4. Ng5 d5 5. exd5 Na5 6. Bb5+ c6 7. dxc6 bxc6 8.
Qf3 Be7 9. Bxc6+ Nxc6 10. Qxc6+ Bd7 11. Qf3 Rc8 12. O-O O-O 13. Nc3 Bc6 14. Qd3
Qc7 15. Qc4 Qb7 16. Qb3 Qa8 17. d3 Rb8 18. Qc4 Rb4 19. Qa6 Bxg2 20. Ne2 Bxf1
21. Kxf1 Qh1+ 22. Ng1 Ng4 23. N5f3 e4 24. dxe4 Rxe4 25. Qc6 Nxh2+ 26. Nxh2 Re1+
27. Kxe1 Qxc6 28. c3 Qg2 29. Ngf3 Bd6 30. Ke2 Bxh2 31. Nxh2 Qxh2 32. Be3 Rd8
33. b4 Qh5+ 34. f3 Qh2+ 35. Kf1 Qh1+ 36. Bg1 Rd2 37. f4 Qg2+ 0-1

[Event "Brno Open 2015"]
[Site "Brno CZE"]
[Date "2015.11.17"]
[Round "5.10"]
[White "Kalinowska, Zuzanna"]
[Black "Glacner, Karel"]
[Result "0-1"]
[WhiteElo "1937"]
[BlackElo "1577"]
[PlyCount "52"]
[EventDate "2015.11.14"]
[EventType "swiss"]
[EventRounds "9"]
[EventCountry "CZE"]
[Source "lmi"]
[SourceDate "2015.11.14"]

1. d4 Nf6 2. Nf3 g6 3. e3 Bg7 4. Be2 c5 5. d5 O-O 6. O-O d6 7. c4 Bf5 8. Nc3
Na6 9. a3 Nc7 10. Nd2 h5 11. h3 Qc8 12. e4 Bd7 13. f4 Bxh3 14. gxh3 Qxh3 15.
Qe1 Ng4 16. Bxg4 Bd4+ 17. Rf2 hxg4 18. Qf1 Qg3+ 19. Qg2 Bxf2+ 20. Kf1 Qxg2+ 21.
Kxg2 Be3 22. Nf1 Bxc1 23. Rxc1 f5 24. exf5 gxf5 25. Ng3 Kg7 26. Nd1 Kg6 0-1

[Event "Brno Open 2015"]
[Site "Brno CZE"]
[Date "2015.11.17"]
[Round "5.11"]
[White "Rychtecky, Pavel"]
[Black "Arend, Michal"]
[Result "1-0"]
[WhiteElo "1616"]
[BlackElo "1853"]
[PlyCount "65"]
[EventDate "2015.11.14"]
[EventType "swiss"]
[EventRounds "9"]
[EventCountry "CZE"]
[Source "lmi"]
[SourceDate "2015.11.14"]

1. d4 Nf6 2. c4 g6 3. Nc3 Bg7 4. e4 d6 5. Nge2 O-O 6. Ng3 e5 7. d5 a5 8. Be2
Nbd7 9. h4 Nc5 10. h5 Ne8 11. Be3 f5 12. hxg6 f4 13. gxh7+ Kh8 14. Bxc5 fxg3
15. Be3 gxf2+ 16. Bxf2 Qg5 17. Bf3 Nf6 18. Qd2 Qxd2+ 19. Kxd2 Bg4 20. Rh4 Bxf3
21. gxf3 Rf7 22. Rah1 Raf8 23. Ke2 Ne8 24. R4h3 Bf6 25. Be3 Bg7 26. Nd1 Rd7 27.
Bd2 b6 28. Ne3 Rff7 29. Nf5 Bf8 30. Nh4 Rg7 31. Bh6 Rxh7 32. Ng6+ Kg8 33. Nxf8
1-0

[Event "Brno Open 2015"]
[Site "Brno CZE"]
[Date "2015.11.18"]
[Round "6.1"]
[White "Mikalsen, Erlend"]
[Black "Yakimenko, Alexander A"]
[Result "1/2-1/2"]
[WhiteElo "2315"]
[BlackElo "2101"]
[PlyCount "166"]
[EventDate "2015.11.14"]
[EventType "swiss"]
[EventRounds "9"]
[EventCountry "CZE"]
[Source "lmi"]
[SourceDate "2015.11.14"]

1. e4 e6 2. d4 d5 3. Nc3 Bb4 4. e5 c5 5. a3 Bxc3+ 6. bxc3 Qa5 7. Bd2 Qa4 8. Qg4
Kf8 9. Nf3 Ne7 10. Bd3 c4 11. Be2 Bd7 12. O-O Nbc6 13. Bd1 Re8 14. Ng5 h6 15.
Nh3 Nf5 16. Nf4 g6 17. Qh3 Ke7 18. g4 Ng7 19. Ng2 Kd8 20. Bxh6 Kc8 21. Qe3 Reg8
22. Bf4 Ne8 23. h4 Nc7 24. Bg3 Nb5 25. f4 Qa5 26. Be1 Qd8 27. a4 Nc7 28. Be2 f5
29. g5 Qe8 30. Qc1 Na5 31. Qa3 Qf8 32. Qb4 Qxb4 33. cxb4 Nc6 34. c3 a6 35. Kf2
b5 36. axb5 axb5 37. Rh1 Be8 38. Bd2 Bf7 39. Ne3 Kb7 40. Rag1 Ne7 41. Nf1 Ne8
42. Ng3 Ng7 43. Ra1 Nc6 44. Be3 Kb6 45. Bf3 Kb7 46. Ke2 Kb6 47. Bf2 Kb7 48. Ke3
Kb6 49. Ra2 Kb7 50. Rha1 Rxh4 51. Ne4 fxe4 52. Bxh4 Nf5+ 53. Kf2 Nxh4 54. Bg4
Nf5 55. Bxf5 exf5 56. Rh1 Rg7 57. Rh8 Bg8 58. Kg3 Na7 59. Rh1 Nc6 60. Rha1 Be6
61. Ra8 Bc8 62. Kf2 Rh7 63. Kg2 Rh4 64. R1a6 Rxf4 65. Rxc8 Kxc8 66. Rxc6+ Kd7
67. Rxg6 Rg4+ 68. Kf1 f4 69. Rf6 Rxg5 70. Rxf4 Rg3 71. Rf6 Rxc3 72. Rd6+ Ke7
73. Rxd5 Rd3 74. Rxb5 Rxd4 75. Ke2 c3 76. Rc5 Rxb4 77. Ke3 Ke6 78. Kf4 e3+ 79.
Kxe3 c2 80. Kd2 c1=Q+ 81. Kxc1 Re4 82. Kd2 Rxe5 83. Rxe5+ Kxe5 1/2-1/2

[Event "Brno Open 2015"]
[Site "Brno CZE"]
[Date "2015.11.18"]
[Round "6.2"]
[White "Gumularz, Szymon"]
[Black "Semenova, Elena"]
[Result "1-0"]
[WhiteElo "2233"]
[BlackElo "2170"]
[PlyCount "83"]
[EventDate "2015.11.14"]
[EventType "swiss"]
[EventRounds "9"]
[EventCountry "CZE"]
[Source "lmi"]
[SourceDate "2015.11.14"]

1. d4 d5 2. Nf3 Nf6 3. g3 e6 4. Bg2 Be7 5. O-O O-O 6. c4 dxc4 7. Qc2 a6 8. a4
Bd7 9. Rd1 Bc6 10. Nc3 Nbd7 11. e4 b5 12. d5 exd5 13. e5 Ne4 14. Nxd5 Bxd5 15.
Rxd5 c6 16. Rxd7 Qxd7 17. Qxe4 Qd1+ 18. Qe1 Rad8 19. Be3 Qxe1+ 20. Nxe1 bxa4
21. Bxc6 Rb8 22. Bd4 Rfc8 23. Bxa4 Bc5 24. Bc3 Bb4 25. Nc2 Bxc3 26. bxc3 Rb2
27. Nd4 g6 28. Bd7 Rc7 29. e6 fxe6 30. Bxe6+ Kg7 31. Ra4 Rb1+ 32. Kg2 Rc1 33.
Bxc4 Rc8 34. Bxa6 Ra8 35. c4 Rd1 36. Nb3 Rb1 37. Nc5 Rc1 38. Rb4 Rc2 39. Rb7+
Kh8 40. Bb5 Rf8 41. Ne4 h6 42. Re7 1-0

[Event "Brno Open 2015"]
[Site "Brno CZE"]
[Date "2015.11.18"]
[Round "6.3"]
[White "Chan, Naruna"]
[Black "Pokorny, Petr"]
[Result "1/2-1/2"]
[WhiteElo "1897"]
[BlackElo "2167"]
[PlyCount "103"]
[EventDate "2015.11.14"]
[EventType "swiss"]
[EventRounds "9"]
[EventCountry "CZE"]
[Source "lmi"]
[SourceDate "2015.11.14"]

1. e4 e5 2. Nf3 Nf6 3. Nc3 Nc6 4. d4 exd4 5. Nxd4 Bb4 6. Nxc6 bxc6 7. Bd3 d5 8.
exd5 cxd5 9. O-O O-O 10. h3 Bb7 11. Bg5 Be7 12. Ne2 c5 13. c4 d4 14. Ng3 Nd7
15. Bxe7 Qxe7 16. Re1 Qg5 17. Qh5 Qxh5 18. Nxh5 Rfe8 19. f4 g6 20. Ng3 f5 21.
Bc2 Bc6 22. b4 cxb4 23. Ne2 d3 24. Bxd3 Nc5 25. Bc2 Rad8 26. Rad1 a5 27. Rxd8
Rxd8 28. Rd1 Rxd1+ 29. Bxd1 Be4 30. Kf2 a4 31. Nc1 Kf7 32. g3 Ke6 33. Ke3 Kd6
34. g4 Bb1 35. g5 Be4 36. h4 Bb1 37. h5 gxh5 38. Bxh5 b3 39. axb3 Nxb3 40. Nxb3
axb3 41. Kd2 b2 42. Kc3 Bd3 43. Kxb2 Bxc4 44. Kc3 Kc5 45. Be8 Be6 46. Kd3 Kd5
47. Ba4 Kc5 48. Ke3 Bf7 49. Bd7 Bg6 50. Bc8 Kd5 51. Bb7+ Kc5 52. Ba8 1/2-1/2

[Event "Brno Open 2015"]
[Site "Brno CZE"]
[Date "2015.11.18"]
[Round "6.4"]
[White "Saddaoui, Yamine"]
[Black "Kalisch, Michael"]
[Result "1-0"]
[WhiteElo "2153"]
[BlackElo "1809"]
[PlyCount "115"]
[EventDate "2015.11.14"]
[EventType "swiss"]
[EventRounds "9"]
[EventCountry "CZE"]
[Source "lmi"]
[SourceDate "2015.11.14"]

1. e4 c6 2. Nc3 d5 3. Nf3 dxe4 4. Nxe4 Nf6 5. Ng3 h5 6. h3 h4 7. Ne2 Bf5 8. d4
Nbd7 9. Bg5 Qb6 10. Qc1 O-O-O 11. a4 Ne4 12. a5 Qb4+ 13. c3 Qd6 14. Bxh4 f6 15.
Ng3 g5 16. Nxf5 Qe6 17. Ne3 gxh4 18. Bc4 Qd6 19. Nf5 Qc7 20. Be6 Nd6 21. N3xh4
Kb8 22. Qf4 Nxf5 23. Qxc7+ Kxc7 24. Nxf5 Bh6 25. Nxh6 Rxh6 26. Bxd7 Kxd7 27.
Ke2 Re8 28. g3 Kd6 29. h4 c5 30. Rad1 c4 31. Kf3 Rh5 32. Ra1 Rf5+ 33. Ke3 Rb5
34. Ra2 Ke6 35. Kf3 Kf5 36. Re1 e5 37. Re4 exd4 38. Rxd4 Rc8 39. g4+ Kg6 40.
Kf4 Rc6 41. f3 Kh6 42. Ra4 Rxb2 43. Raxc4 Rxc4 44. Rxc4 Rb5 45. Rb4 Rxa5 46.
Rxb7 Rc5 47. Rxa7 Rxc3 48. Ra5 Kg6 49. h5+ Kh6 50. Ke4 Rc6 51. f4 Rb6 52. Kf5
Rc6 53. Ra8 Kg7 54. Ra7+ Kg8 55. Kg6 Rc8 56. Kxf6 Rf8+ 57. Kg6 Rxf4 58. Ra8+
1-0

[Event "Brno Open 2015"]
[Site "Brno CZE"]
[Date "2015.11.18"]
[Round "6.5"]
[White "Al Argha, Hisham"]
[Black "Pozimski, Szymon"]
[Result "1/2-1/2"]
[WhiteElo "2312"]
[BlackElo "1943"]
[PlyCount "44"]
[EventDate "2015.11.14"]
[EventType "swiss"]
[EventRounds "9"]
[EventCountry "CZE"]
[Source "lmi"]
[SourceDate "2015.11.14"]

1. e4 d5 2. exd5 Qxd5 3. d4 e5 4. dxe5 Qxe5+ 5. Be2 Bg4 6. h3 Bxe2 7. Qxe2
Qxe2+ 8. Nxe2 Nc6 9. O-O O-O-O 10. Bf4 Bd6 11. Rd1 Bxf4 12. Rxd8+ Kxd8 13. Nxf4
Nf6 14. Nc3 Re8 15. Rd1+ Kc8 16. Kf1 Nb4 17. Rd2 Rd8 18. Ke2 Rxd2+ 19. Kxd2 Nd7
20. a3 Nc6 21. Nd3 b6 22. Ke3 a6 1/2-1/2

[Event "Brno Open 2015"]
[Site "Brno CZE"]
[Date "2015.11.18"]
[Round "6.6"]
[White "Chudinovskikh, Alexander M"]
[Black "Kassel, Walter"]
[Result "1-0"]
[WhiteElo "2235"]
[BlackElo "1923"]
[PlyCount "97"]
[EventDate "2015.11.14"]
[EventType "swiss"]
[EventRounds "9"]
[EventCountry "CZE"]
[Source "lmi"]
[SourceDate "2015.11.14"]

1. d4 c6 2. e4 d5 3. Nd2 dxe4 4. Nxe4 Bf5 5. Ng3 Bg6 6. f4 e6 7. Nf3 Nf6 8. Bc4
Bd6 9. Ne5 O-O 10. Be3 Nd5 11. Qd2 Nd7 12. O-O-O Qc7 13. h4 Nxe3 14. Qxe3 c5
15. h5 cxd4 16. Rxd4 Nxe5 17. fxe5 Bxe5 18. hxg6 Bxd4 19. Qxd4 Qxg3 20. gxf7+
Kh8 21. Qe4 h6 22. Bd3 Qg5+ 23. Kb1 Qf5 24. Qd4 Qg5 25. Rf1 Qxg2 26. Rg1 e5 27.
Qe3 Qd5 28. c4 Qd4 29. Qxd4 exd4 30. Bg6 Rac8 31. b3 Rc6 32. Kc2 Rxg6 33. Rxg6
Rxf7 34. Kd3 Rf2 35. a4 Rb2 36. Kxd4 Rxb3 37. a5 Ra3 38. a6 b6 39. c5 Ra4+ 40.
Kd5 Ra5 41. Kc6 bxc5 42. Kb7 Kh7 43. Rc6 h5 44. Kxa7 h4 45. Kb6 Ra3 46. Rxc5 h3
47. a7 Kh6 48. Ra5 Rb3+ 49. Ka6 1-0

[Event "Brno Open 2015"]
[Site "Brno CZE"]
[Date "2015.11.18"]
[Round "6.7"]
[White "Atmani, Amine"]
[Black "Siegemund, Joachim"]
[Result "0-1"]
[WhiteElo "1575"]
[BlackElo "2134"]
[PlyCount "46"]
[EventDate "2015.11.14"]
[EventType "swiss"]
[EventRounds "9"]
[EventCountry "CZE"]
[Source "lmi"]
[SourceDate "2015.11.14"]

1. d4 e6 2. c4 Nf6 3. Nf3 b6 4. e3 Bb7 5. Bd3 Be7 6. Nc3 c5 7. O-O O-O 8. b3
cxd4 9. exd4 d5 10. Bf4 Nc6 11. cxd5 Nxd5 12. Nxd5 Qxd5 13. Bc4 Qf5 14. Qd2
Rfd8 15. Qe3 Nb4 16. Rad1 Nd5 17. Bxd5 Rxd5 18. Ne5 Rad8 19. g4 Qf6 20. f3 Rxd4
21. Rxd4 Rxd4 22. Bg3 Bc5 23. b4 Rxb4 0-1

[Event "Brno Open 2015"]
[Site "Brno CZE"]
[Date "2015.11.18"]
[Round "6.8"]
[White "Tesar, Jan"]
[Black "Klucznik, Andre"]
[Result "1-0"]
[WhiteElo "2019"]
[BlackElo "1864"]
[PlyCount "91"]
[EventDate "2015.11.14"]
[EventType "swiss"]
[EventRounds "9"]
[EventCountry "CZE"]
[Source "lmi"]
[SourceDate "2015.11.14"]

1. d4 Nf6 2. c4 e6 3. Nc3 Bb4 4. e3 b6 5. Nge2 Bb7 6. a3 Be7 7. Ng3 d5 8. cxd5
exd5 9. Bd3 Nbd7 10. Nf5 Bf8 11. g4 g6 12. Ng3 h5 13. g5 h4 14. Nge2 Nh5 15. f4
Bd6 16. Nb5 Qe7 17. Nxd6+ Qxd6 18. Nc3 Qe6 19. Qf3 O-O-O 20. Bd2 Ng7 21. O-O
Nf5 22. Rfc1 Kb8 23. a4 a6 24. a5 b5 25. Rc2 f6 26. Rac1 c6 27. Ne2 fxg5 28.
fxg5 Rde8 29. Nf4 Qe7 30. Kh1 Qxg5 31. Nh3 Qf6 32. Qf4+ Qd6 33. Qxd6+ Nxd6 34.
Bxg6 Re6 35. Nf4 Re7 36. Bb4 c5 37. dxc5 Nc4 38. c6 Bxc6 39. Bxe7 d4+ 40. e4
Kb7 41. Rxc4 bxc4 42. Rxc4 Rg8 43. Rxd4 Ne5 44. Bh5 Rh8 45. Bf6 Nf3 46. Rb4+
1-0

[Event "Brno Open 2015"]
[Site "Brno CZE"]
[Date "2015.11.18"]
[Round "6.10"]
[White "Feldvabl, Vilem"]
[Black "Kalinowska, Zuzanna"]
[Result "0-1"]
[WhiteElo "1634"]
[BlackElo "1937"]
[PlyCount "36"]
[EventDate "2015.11.14"]
[EventType "swiss"]
[EventRounds "9"]
[EventCountry "CZE"]
[Source "lmi"]
[SourceDate "2015.11.14"]

1. d4 e6 2. e4 d5 3. Bd3 dxe4 4. Bxe4 Nf6 5. Bf3 Be7 6. c3 O-O 7. Ne2 e5 8. g3
Re8 9. O-O e4 10. Bg2 Bd6 11. Bf4 Bg4 12. Bxd6 Qxd6 13. Qc2 Qd7 14. Re1 Bf5 15.
Qb3 c6 16. Nd2 Ng4 17. Nxe4 Bxe4 18. f3 Bd5 0-1

[Event "Brno Open 2015"]
[Site "Brno CZE"]
[Date "2015.11.18"]
[Round "6.11"]
[White "Simon, Petr"]
[Black "Hrivnakova, Anna"]
[Result "1-0"]
[WhiteElo "1765"]
[BlackElo "1589"]
[PlyCount "93"]
[EventDate "2015.11.14"]
[EventType "swiss"]
[EventRounds "9"]
[EventCountry "CZE"]
[Source "lmi"]
[SourceDate "2015.11.14"]

1. d4 Nf6 2. c4 g6 3. Nc3 d5 4. cxd5 Nxd5 5. e4 Nb6 6. Nf3 Bg7 7. h3 Nc6 8. Be3
O-O 9. Be2 a6 10. O-O Nd7 11. Qd2 e5 12. d5 Ne7 13. Bh6 f5 14. Bxg7 Kxg7 15.
exf5 Rxf5 16. Ne4 h6 17. d6 cxd6 18. Nxd6 Rf8 19. Rad1 Nc6 20. Nxc8 Rxc8 21.
Qxd7+ Qxd7 22. Rxd7+ Rf7 23. Rxf7+ Kxf7 24. Rc1 Kf6 25. Kf1 a5 26. Bb5 Na7 27.
Rxc8 Nxc8 28. Ke2 Nd6 29. Ba4 b5 30. Bc2 Nc4 31. b3 Nd6 32. Nd2 Nb7 33. Ne4+
Kg7 34. Ke3 b4 35. f4 exf4+ 36. Kxf4 Nd8 37. Nd6 Ne6+ 38. Ke5 Nc7 39. Bd3 h5
40. Nb7 a4 41. bxa4 Kh6 42. a5 Kg5 43. g3 Kh6 44. a6 g5 45. a7 Kg7 46. Kd6 Na8
47. Nc5 1-0

[Event "Brno Open 2015"]
[Site "Brno CZE"]
[Date "2015.11.18"]
[Round "6.12"]
[White "Richterova, Natasa"]
[Black "Rezny, Frantisek"]
[Result "0-1"]
[WhiteElo "1244"]
[BlackElo "1562"]
[PlyCount "72"]
[EventDate "2015.11.14"]
[EventType "swiss"]
[EventRounds "9"]
[EventCountry "CZE"]
[Source "lmi"]
[SourceDate "2015.11.14"]

1. d4 d5 2. Nf3 Nf6 3. Bg5 e6 4. e3 c5 5. Nbd2 Nc6 6. Bb5 Bd7 7. c3 Be7 8. O-O
a6 9. Ba4 b5 10. Bc2 O-O 11. Bf4 Nh5 12. Ne5 Nxf4 13. Nxd7 Qxd7 14. exf4 cxd4
15. Qf3 dxc3 16. Qh3 g6 17. Qxc3 Bd6 18. g3 Rac8 19. Qe3 Nb4 20. Bb3 Nc2 21.
Bxc2 Rxc2 22. Rab1 Rfc8 23. Nb3 Bf8 24. Nd4 Bc5 25. Qd3 Bxd4 26. Qxd4 R8c4 27.
Qb6 Qc8 28. Qe3 Re4 29. Qb3 Ree2 30. Qb4 Qc7 31. Qd4 Rcd2 32. Qb4 Qb6 33. Rbc1
Rxf2 34. Rc8+ Kg7 35. Qc3+ Kh6 36. Rg8 Rxh2+ 0-1

[Event "Brno Open 2015"]
[Site "Brno CZE"]
[Date "2015.11.19"]
[Round "7.1"]
[White "Piankov, Evgenij"]
[Black "Gumularz, Szymon"]
[Result "1/2-1/2"]
[WhiteElo "2233"]
[BlackElo "2233"]
[PlyCount "128"]
[EventDate "2015.11.14"]
[EventType "swiss"]
[EventRounds "9"]
[EventCountry "CZE"]
[Source "lmi"]
[SourceDate "2015.11.14"]

1. d4 d5 2. c4 e6 3. Nc3 c6 4. Nf3 Nf6 5. Bg5 h6 6. Bh4 dxc4 7. e3 b5 8. a4 g5
9. Bg3 b4 10. Na2 c5 11. Bxc4 Nbd7 12. Ne5 Bb7 13. O-O Be7 14. dxc5 Bxc5 15.
Rc1 Rc8 16. Qb3 Qe7 17. a5 O-O 18. Nd3 Nd5 19. Bb5 N7f6 20. a6 Ba8 21. Rc2 Ne4
22. Rfc1 Nxe3 23. Rxc5 Nxc5 24. Rxc5 Rxc5 25. Qxb4 Nxg2 26. Nxc5 Rc8 27. Nb7
Rc1+ 28. Bf1 Qxb4 29. Nxb4 Nf4 30. f3 Rc7 31. Nd3 Bxb7 32. Nxf4 gxf4 33. Bxf4
Rd7 34. axb7 Rxb7 35. Be5 Kf8 36. Kf2 Ke7 37. Bc3 Kd6 38. b4 Rc7 39. Bd4 Kd5
40. Be3 Rb7 41. b5 h5 42. f4 Rc7 43. h4 Kd6 44. Be2 Rb7 45. Bd4 Ke7 46. Ke3 Kd6
47. Kd2 Ke7 48. Kc3 Kd6 49. Kb4 f5 50. Bc5+ Kd7 51. Bxh5 e5 52. fxe5 Ke6 53.
Bf3 Rh7 54. h5 Kxe5 55. Ka5 Kf4 56. Be2 Ke4 57. Ka6 f4 58. Bd1 Rc7 59. Bxa7 Rc1
60. b6 Rxd1 61. b7 Ra1+ 62. Kb6 Rb1+ 63. Kc7 Rxb7+ 64. Kxb7 Kf5 1/2-1/2

[Event "Brno Open 2015"]
[Site "Brno CZE"]
[Date "2015.11.19"]
[Round "7.2"]
[White "Yakimenko, Alexander A"]
[Black "Koziol, Kamil"]
[Result "1-0"]
[WhiteElo "2101"]
[BlackElo "2250"]
[PlyCount "73"]
[EventDate "2015.11.14"]
[EventType "swiss"]
[EventRounds "9"]
[EventCountry "CZE"]
[Source "lmi"]
[SourceDate "2015.11.14"]

1. d4 Nf6 2. c4 g6 3. f3 Nc6 4. e4 e5 5. d5 Nd4 6. Ne2 Bc5 7. Nbc3 a6 8. Nxd4
Bxd4 9. Bd3 d6 10. Ne2 Bb6 11. Bg5 h6 12. Bd2 Kf8 13. g4 Nxg4 14. fxg4 Bxg4 15.
Qb3 Qh4+ 16. Kd1 Bf3 17. Rf1 Bg2 18. Kc2 Bxf1 19. Rxf1 Kg7 20. Rh1 Rhf8 21. Ng3
Bf2 22. Rf1 Qxh2 23. Nh1 Bb6 24. Kd1 Bg1 25. Be2 b6 26. Ng3 Rh8 27. Qf3 Raf8
28. Nh5+ gxh5 29. Qf6+ Kg8 30. Bxh6 Rxh6 31. Qxh6 Qg3 32. Qxh5 f6 33. Rf3 Qg7
34. Qh3 Kf7 35. Qe6+ Kg6 36. Rg3+ Kh7 37. Rxg7+ 1-0

[Event "Brno Open 2015"]
[Site "Brno CZE"]
[Date "2015.11.19"]
[Round "7.3"]
[White "Siegemund, Joachim"]
[Black "Chan, Naruna"]
[Result "1/2-1/2"]
[WhiteElo "2134"]
[BlackElo "1897"]
[PlyCount "126"]
[EventDate "2015.11.14"]
[EventType "swiss"]
[EventRounds "9"]
[EventCountry "CZE"]
[Source "lmi"]
[SourceDate "2015.11.14"]

1. d4 f5 2. c4 Nf6 3. Nc3 g6 4. Nf3 Bg7 5. Bf4 O-O 6. e3 d6 7. h3 c6 8. Be2
Nbd7 9. Bh2 Re8 10. O-O Qb6 11. Qc2 e5 12. a3 exd4 13. Nxd4 Ne5 14. b4 Be6 15.
c5 Qc7 16. Nxe6 Rxe6 17. cxd6 Qd7 18. Rad1 Kh8 19. Na4 b6 20. Rc1 Qxd6 21. Bc4
Ree8 22. Rfd1 Qe7 23. Be2 Ne4 24. Bd3 Nxd3 25. Rxd3 Rac8 26. Rcd1 Red8 27. Nb2
Rxd3 28. Rxd3 Rd8 29. Nc4 Rxd3 30. Qxd3 h6 31. f3 Nc3 32. g4 Nd5 33. e4 fxe4
34. fxe4 Nc7 35. Kg2 c5 36. bxc5 bxc5 37. Bd6 Qf7 38. Bxc5 Ne6 39. Be3 Kh7 40.
a4 Bd4 41. Nd2 Bxe3 42. Qxe3 Qd7 43. a5 Qc7 44. Nb3 Nf4+ 45. Kf2 g5 46. e5 Qc2+
47. Nd2 Nxh3+ 48. Kg3 Nf4 49. Qxa7+ Kg6 50. Qe3 Kg7 51. a6 Qc6 52. Qa7+ Kg6 53.
Qb7 Qc3+ 54. Nf3 Qc2 55. Qb6+ Kg7 56. Qf2 Ne2+ 57. Kh2 Qe4 58. a7 Qf4+ 59. Kh1
Qe4 60. Kh2 Qf4+ 61. Kh3 Ng1+ 62. Qxg1 Qxf3+ 63. Qg3 Qh1+ 1/2-1/2

[Event "Brno Open 2015"]
[Site "Brno CZE"]
[Date "2015.11.19"]
[Round "7.4"]
[White "Strebkovs, Andrejs"]
[Black "Tesar, Jan"]
[Result "1-0"]
[WhiteElo "2328"]
[BlackElo "2019"]
[PlyCount "99"]
[EventDate "2015.11.14"]
[EventType "swiss"]
[EventRounds "9"]
[EventCountry "CZE"]
[Source "lmi"]
[SourceDate "2015.11.14"]

1. c4 Nf6 2. g3 d5 3. cxd5 Nxd5 4. Bg2 g6 5. Qb3 Nb6 6. Nf3 Bg7 7. O-O O-O 8.
Nc3 Nc6 9. d3 a5 10. a4 h6 11. Be3 Be6 12. Qd1 Nd5 13. Bd2 Ndb4 14. Qc1 Kh7 15.
h4 Bg4 16. Nb5 e5 17. Bc3 Nd5 18. Bd2 Qd7 19. Nc3 Ndb4 20. Nh2 Bh3 21. Nb5 Bxg2
22. Kxg2 Rac8 23. Nf3 f5 24. Bc3 Nd5 25. Nd2 Nd4 26. Bxd4 exd4 27. Nf3 c5 28.
e3 dxe3 29. fxe3 Nb4 30. Ra3 Nxd3 31. Qd2 c4 32. Nbd4 Qd6 33. Qxa5 Nxb2 34. Rc3
b6 35. Qb5 Ra8 36. Qxb2 Rxa4 37. h5 Rfa8 38. hxg6+ Qxg6 39. Rf2 Bf8 40. Nh4 Qg4
41. Qxb6 Ra1 42. Qb7+ Bg7 43. Nhxf5 R8a7 44. Qf3 Qg5 45. Nxg7 Rxg7 46. Ne6 Qe5
47. Nxg7 Qxc3 48. Qf5+ Kg8 49. Ne6 Ra8 50. Qg6+ 1-0

[Event "Brno Open 2015"]
[Site "Brno CZE"]
[Date "2015.11.19"]
[Round "7.5"]
[White "Pozimski, Szymon"]
[Black "Dvorak, Adam"]
[Result "1/2-1/2"]
[WhiteElo "1943"]
[BlackElo "2215"]
[PlyCount "41"]
[EventDate "2015.11.14"]
[EventType "swiss"]
[EventRounds "9"]
[EventCountry "CZE"]
[Source "lmi"]
[SourceDate "2015.11.14"]

1. e4 c5 2. Nf3 e6 3. b3 b6 4. Bb2 Bb7 5. Qe2 Nc6 6. g3 d6 7. Bg2 Nf6 8. O-O
Be7 9. d4 cxd4 10. Nxd4 Rc8 11. Nxc6 Bxc6 12. c4 Qc7 13. e5 Bxg2 14. Kxg2 dxe5
15. Bxe5 Qb7+ 16. Kg1 h5 17. Nd2 Rc5 18. Qf3 Qd7 19. Bxf6 Bxf6 20. Ne4 Bxa1 21.
Rd1 1/2-1/2